[Event "Mittelrhein Verbandsliga Nord 1920"]
[Site "Mittelrhein"]
[Date "2020.02.16"]
[Round "6.6"]
[White "Budelsky, Dietmar"]
[Black "Schmald, Nikolai"]
[Result "1/2-1/2"]
[WhiteElo "1802"]
[BlackElo "1846"]
[PlyCount "169"]
[EventDate "2019.09.29"]
[EventType "team-tourn"]
[EventRounds "9"]
[EventCountry "GER"]
[SourceTitle "EXT 2023"]
[Source "ChessBase"]
[SourceDate "2022.10.05"]
[SourceVersion "1"]
[SourceVersionDate "2022.10.05"]
[SourceQuality "1"]
[WhiteTeam "Pulheim"]
[BlackTeam "Monheim/Baumberg"]
[WhiteTeamCountry "GER"]
[BlackTeamCountry "GER"]

1. d4 Nf6 2. Nf3 e6 3. Bg5 Be7 4. Nbd2 d5 5. e3 Ne4 6. Bxe7 Qxe7 7. Nxe4 dxe4 8. Nd2 f5 9. Bc4 b6 10. 0-0 Bb7 11. Qe2 Nd7 12. a4 a5 13. c3 Nf6 14. f3 0-0 15. Rad1 Kh8 16. fxe4 Bxe4 17. Bd3 Bc6 18. Bb5 Bb7 19. Nf3 Bxf3 20. Qxf3 g6 21. Rfe1 e5 22. dxe5 Qxe5 23. Qf4 Qe7 24. Rd3 Rad8 25. Red1 Rxd3 26. Rxd3 Rd8 27. Rxd8+ Qxd8 28. Qd4 Qe7 29. Bc6 h6 30. h3 Kh7 31. Kf2 h5 32. g3 Qe6 33. Bf3 Qe7 34. Bc6 Kh6 35. Qf4+ Kg7 36. Qd4 Kh7 37. Bf3 Kg7 38. Qc4 Qd6 39. Qd4 Kf7 40. Qxd6 cxd6 41. Ke2 Ke6 42. Kd3 d5 43. Kd4 Kd6 44. c4 dxc4 45. Kxc4 g5 46. Bg2 Kc7 47. Kd4 Kd6 48. e4 fxe4 49. Bxe4 h4 50. gxh4 gxh4 51. Bf3 Ke6 52. Kc4 Kd6 53. Kb5 Kc7 54. b3 Nd7 55. Bd5 Ne5 56. Be4 Nd7 57. b4 axb4 58. Kxb4 Nc5 59. Bf5 Kc6 60. Bg6 Ne6 61. Be4+ Kc7 62. Kb5 Ng5 63. Bf5 Nf7 64. Ka6 Nd6 65. Bg4 Nf7 66. Bf3 Nd6 67. Bd5 Nf5 68. Kb5 Ne7 69. Be6 Ng6 70. Kc4 Kd6 71. Bc8 Ne7 72. Bg4 Nc6 73. Kb5 Kc7 74. Bd1 Ne5 75. Be2 Nd7 76. Kc4 Kd6 77. Kd4 Nc5 78. Bb5 Ke6 79. Kc4 Kd6 80. Kb4 Ne4 81. Bd3 Nc5 82. Be2 Nd7 83. Kc4 Nc5 84. Kb5 Kc7 85. a5 1/2-1/2

[Event "Mittelrhein Verbandsliga Nord 1920"]
[Site "Mittelrhein"]
[Date "2019.11.17"]
[Round "3.6"]
[White "Kocur, Beata"]
[Black "Schmald, Nikolai"]
[Result "1-0"]
[WhiteElo "1774"]
[BlackElo "1848"]
[PlyCount "105"]
[EventDate "2019.09.29"]
[EventType "team-tourn"]
[EventRounds "9"]
[EventCountry "GER"]
[SourceTitle "EXT 2023"]
[Source "ChessBase"]
[SourceDate "2022.10.05"]
[SourceVersion "1"]
[SourceVersionDate "2022.10.05"]
[SourceQuality "1"]
[WhiteTeam "Hitdorf SV Springer"]
[BlackTeam "Monheim/Baumberg"]
[WhiteTeamCountry "GER"]
[BlackTeamCountry "GER"]

1. e4 e6 2. d4 d5 3. Nd2 Nf6 4. e5 Nfd7 5. Bd3 c5 6. c3 Nc6 7. Ndf3 Be7 8. Ne2 Qb6 9. 0-0 0-0 10. h3 Re8 11. a3 cxd4 12. cxd4 a5 13. Bc2 Nf8 14. Rb1 f6 15. exf6 Bxf6 16. Be3 Ne7 17. Nc3 Rd8 18. Qd2 Nfg6 19. g4 Nh4 20. Nxh4 Bxh4 21. b4 axb4 22. Rxb4 Qa7 23. Ra4 Qb8 24. Bf4 Rxa4 25. Bxb8 Rxa3 26. Bc7 Rd7 27. Bf4 Nc6 28. Kg2 Be7 29. Nb1 Bb4 30. Qd1 Ra1 31. Qd3 g6 32. Be5 b6 33. Qe3 Ba6 34. Rg1 Rf7 35. Bg3 Re7 36. h4 Ra2 37. Rc1 Na5 38. Qf4 Re8 39. h5 Rxc2 40. Rxc2 Bd3 41. Rb2 Be4+ 42. Kh2 Nc6 43. f3 Bd3 44. Qe3 Ba6 45. Be5 Rf8 46. f4 Ba5 47. hxg6 hxg6 48. Kg3 Kf7 49. Rh2 Ke8 50. Bd6 Rf6 51. g5 Nxd4 52. Qxd4 Be1+ 53. Kf3 1-0

[Event "Mittelrhein Verbandsliga-N 18/19"]
[Site "Nordrheinwestfalen"]
[Date "2019.05.19"]
[Round "11.5"]
[White "Schmald, Nikolai"]
[Black "Steiz, Johann"]
[Result "1-0"]
[WhiteElo "1847"]
[BlackElo "1649"]
[PlyCount "99"]
[EventDate "2018.09.02"]
[EventType "team-tourn"]
[EventRounds "12"]
[EventCountry "GER"]
[SourceTitle "EXT 2022"]
[Source "ChessBase"]
[SourceDate "2021.10.06"]
[SourceVersion "1"]
[SourceVersionDate "2021.10.06"]
[SourceQuality "1"]
[WhiteTeam "Baumberg"]
[BlackTeam "Dormagen SV"]
[WhiteTeamCountry "GER"]
[BlackTeamCountry "GER"]

1. d4 Nf6 2. c4 e6 3. Nc3 d5 4. Nf3 c6 5. e3 Nbd7 6. Ne5 Bb4 7. Bd2 Qe7 8. f4 Bxc3 9. Bxc3 Ne4 10. Bd3 Qh4+ 11. g3 Nxg3 12. Nf3 Qh6 13. Rg1 Nf5 14. Qd2 Nf6 15. 0-0-0 Bd7 16. Rde1 Nd6 17. Ne5 Nfe4 18. Qc2 f5 19. Bb4 a5 20. Bc5 b5 21. cxd5 cxd5 22. Qb3 Rb8 23. Rg2 g6 24. Qa3 Nc4 25. Bxc4 dxc4 26. Qxa5 Qh4 27. Bb4 Qd8 28. Qxd8+ Rxd8 29. h4 Nf6 30. a4 bxa4 31. Nxc4 Rc8 32. Rc2 Ne4 33. Ne5 Rg8 34. Rxc8+ Bxc8 35. Kb1 Bb7 36. Rc1 Rg7 37. Ka2 h6 38. Ka3 g5 39. hxg5 hxg5 40. Rh1 Kd8 41. Rh8+ Kc7 42. Ba5+ Kd6 43. Rd8+ Ke7 44. Rb8 Kd6 45. fxg5 Nxg5 46. Rd8+ Ke7 47. Kxa4 Ne4 48. Bc7 Rg3 49. Rb8 Bd5 50. Bd8+ 1-0

[Event "Mittelrhein Verbandsliga-N 18/19"]
[Site "Nordrheinwestfalen"]
[Date "2019.02.10"]
[Round "7.5"]
[White "Schmald, Nikolai"]
[Black "Heckoetter, Christian"]
[Result "0-1"]
[WhiteElo "1847"]
[BlackElo "2005"]
[PlyCount "98"]
[EventDate "2018.09.02"]
[EventType "team-tourn"]
[EventRounds "12"]
[EventCountry "GER"]
[SourceTitle "EXT 2022"]
[Source "ChessBase"]
[SourceDate "2021.10.06"]
[SourceVersion "1"]
[SourceVersionDate "2021.10.06"]
[SourceQuality "1"]
[WhiteTeam "Baumberg"]
[BlackTeam "Bergische SF"]
[WhiteTeamCountry "GER"]
[BlackTeamCountry "GER"]

1. Nf3 Nf6 2. c4 c5 3. g3 b6 4. Bg2 Bb7 5. 0-0 e6 6. d4 cxd4 7. Nxd4 Bxg2 8. Kxg2 a6 9. Qa4 Bc5 10. Rd1 Qc7 11. Nc2 0-0 12. f3 d5 13. Nc3 dxc4 14. Qxc4 b5 15. Qb3 Nc6 16. Bg5 Na5 17. Nxb5 axb5 18. Qc3 Bb6 19. Bxf6 gxf6 20. Qxf6 Qxc2 21. Qg5+ Qg6 22. Qxb5 Rfb8 23. Qa4 Bc5 24. Rab1 Nb3 25. Qc4 Rxa2 26. Rd3 Bf8 27. e4 Nc5 28. Rd2 Ra4 29. Qc2 Rab4 30. h4 Na4 31. Qc6 Rxb2 32. Rbd1 Rxd2+ 33. Rxd2 Rb2 34. Rxb2 Nxb2 35. Qb5 Qg7 36. e5 Ba3 37. Qb3 Qf8 38. h5 h6 39. Kh3 Qc5 40. f4 Qb4 41. Qf3 Nc4 42. Qg4+ Kh7 43. Qe2 Nd2 44. Qd3+ Ne4 45. Kh4 Kg7 46. Qe2 Qd4 47. Kh3 Nf2+ 48. Kh4 Bc5 49. Qc2 Qe4 0-1

[Event "Leverkusen-ch op"]
[Site "Leverkusen"]
[Date "2010.03.22"]
[Round "5"]
[White "Schmald, Nikolai"]
[Black "Buchkremer, Felix"]
[Result "0-1"]
[WhiteElo "1744"]
[BlackElo "2088"]
[PlyCount "38"]
[EventDate "2010.01.18"]
[EventType "swiss"]
[EventRounds "7"]
[EventCountry "GER"]
[SourceTitle "EXT 2011"]
[Source "ChessBase"]
[SourceDate "2010.11.26"]
[SourceVersion "1"]
[SourceVersionDate "2010.11.26"]
[SourceQuality "1"]

1. e4 e6 2. d4 d5 3. exd5 exd5 4. Bd3 Nc6 5. Ne2 Bg4 6. c3 Bd6 7. Qb3 Nge7 8. Qxb7 0-0 9. Qb3 Qd7 10. Qc2 h6 11. 0-0 f5 12. f3 Bh5 13. Bf4 g5 14. Bxd6 Qxd6 15. g3 f4 16. g4 Bg6 17. Na3 Rf6 18. Kg2 Re8 19. c4 Nb4 0-1

[Event "Leverkusen-ch op"]
[Site "Leverkusen"]
[Date "2008.04.14"]
[Round "7"]
[White "Weinmann Musset, Manfred"]
[Black "Schmald, Nikolai"]
[Result "1-0"]
[WhiteElo "1854"]
[BlackElo "1722"]
[PlyCount "71"]
[EventDate "2008.01.14"]
[EventType "swiss"]
[EventRounds "7"]
[EventCountry "GER"]
[SourceTitle "EXT 2010"]
[Source "ChessBase"]
[SourceDate "2010.11.25"]
[SourceVersion "1"]
[SourceVersionDate "2010.11.25"]
[SourceQuality "1"]

1. d4 e6 2. c4 f5 3. Nc3 Nf6 4. f3 Bb4 5. Bg5 h6 6. Bh4 Bxc3+ 7. bxc3 g5 8. Bf2 Qe7 9. Qb3 d6 10. h4 g4 11. e3 Nbd7 12. Bd3 b6 13. Ne2 Bb7 14. Nf4 Rg8 15. Be2 c6 16. h5 Nf8 17. Bh4 e5 18. Nd3 gxf3 19. gxf3 exd4 20. cxd4 Qxe3 21. Bxf6 Rg2 22. Qb2 Kf7 23. Qd2 Rg1+ 24. Rxg1 Qxg1+ 25. Bf1 Re8+ 26. Be5 Qxd4 27. Rd1 Qh4+ 28. Qf2 Qxh5 29. f4 Ng6 30. Be2 Qh1+ 31. Kd2 Qe4 32. Bxd6 Qxc4 33. Ne5+ Nxe5 34. Bxc4+ Nxc4+ 35. Kc1 Ba6 36. Be5 1-0

[Event "Leverkusen-ch op"]
[Site "Leverkusen"]
[Date "2008.01.28"]
[Round "2"]
[White "Schmald, Nikolai"]
[Black "Azimi, Reza"]
[Result "1-0"]
[WhiteElo "1722"]
[BlackElo "1321"]
[PlyCount "47"]
[EventDate "2008.01.14"]
[EventType "swiss"]
[EventRounds "7"]
[EventCountry "GER"]
[SourceTitle "EXT 2010"]
[Source "ChessBase"]
[SourceDate "2010.11.25"]
[SourceVersion "1"]
[SourceVersionDate "2010.11.25"]
[SourceQuality "1"]

1. e4 c5 2. c3 a6 3. d4 cxd4 4. cxd4 e6 5. Nf3 Qb6 6. Bd3 Bb4+ 7. Nc3 Nf6 8. 0-0 d5 9. e5 Nfd7 10. Qc2 f5 11. Nxd5 Qc6 12. Qxc6 Nxc6 13. Nc7+ Kd8 14. Nxa8 b5 15. Ng5 Ke7 16. Be3 h6 17. Nf3 Bb7 18. Nc7 Ba5 19. Nxe6 Kxe6 20. d5+ Kxd5 21. Bxf5 Ndxe5 22. Rfd1+ Kc4 23. Be6+ Kb4 24. a3+ 1-0

[Event "Leverkusen-ch op"]
[Site "Leverkusen"]
[Date "2008.01.14"]
[Round "1"]
[White "Reinemer, Frank"]
[Black "Schmald, Nikolai"]
[Result "1-0"]
[WhiteElo "2131"]
[BlackElo "1722"]
[PlyCount "44"]
[EventDate "2008.01.14"]
[EventType "swiss"]
[EventRounds "7"]
[EventCountry "GER"]
[SourceTitle "EXT 2010"]
[Source "ChessBase"]
[SourceDate "2010.11.25"]
[SourceVersion "1"]
[SourceVersionDate "2010.11.25"]
[SourceQuality "1"]

1. d4 e6 2. c4 d5 3. Nc3 Nf6 4. cxd5 exd5 5. Bg5 Be7 6. e3 c6 7. Qc2 Qa5 8. Nf3 Bg4 9. Ne5 Bh5 10. f4 Ng4 11. Bxe7 Nxe5 12. Qf5 Ned7 13. Bd6 Bg6 14. Qg4 f5 15. Qg5 Nf6 16. Bd3 Kd7 17. Bxb8 Raxb8 18. Bxf5+ Ke7 19. Bxg6 hxg6 20. 0-0 Kf7 21. f5 gxf5 22. Rxf5 Rh6 1-0